Statistics for Top 10 Most Populous Landlocked Countries

Click here to take the quiz!

General Stats

  • This quiz has been taken 47 times
  • The average score is 8 of 10

Answer Stats

HintAnswer% Correct
10 (19)Kazakhstan
96%
6 (25.1)Niger
93%
1 (117.9)Ethiopia
91%
8 (20.9)Mali
85%
5 (29.7)Nepal
83%
2 (47.1)Uganda
83%
4 (33.9)Uzbekistan
78%
3 (39.8)Afghanistan
76%
7 (21.5)Burkina Faso
70%
9 (19.6)Malawi
65%

Score Distribution

Percentile by Number Answered

Percent of People with Each Score

Your Score History

You have not taken this quiz